00142nam a22000617a 4500003000400000245005200004260002400056SGT aBritish Journal of Oral & Maxillofacial Surgery bElsevierc2012-2020